| 000 | 00586nam a22002177a 4500 | ||
|---|---|---|---|
| 003 | OSt | ||
| 005 | 20220107122755.0 | ||
| 008 | 140721b xxu||||| |||| 00| 0 eng d | ||
| 020 | _a9780878930050 | ||
| 040 | _cIIITM-K | ||
| 082 | _a591.5 ALC/A | ||
| 100 |
_aAlcock, John _95727 |
||
| 245 |
_aAnimal behavior: _bAn evolutionary approach _cby John Alcock |
||
| 250 | _a8th ed. | ||
| 260 |
_aU.S.A, _bSinauer Associates, _c2005. |
||
| 300 | _axii, 564p. | ||
| 650 |
_aBEHAVIORAL SCIENCE _95728 |
||
| 650 |
_aANIMAL SCIENCE _95729 |
||
| 650 |
_aANIMAL BEHAVIOR _95730 |
||
| 942 |
_2ddc _cBK |
||
| 999 |
_c4442 _d4442 |
||